Professional practicein learning and development : (Record no. 362637)
[ view plain ]
| 000 -LEADER | |
|---|---|
| fixed length control field | 00445nam a2200133Ia 4500 |
| 008 - FIXED-LENGTH DATA ELEMENTS--GENERAL INFORMATION | |
| fixed length control field | 191111s9999 xx 000 0 und d |
| 020 ## - INTERNATIONAL STANDARD BOOK NUMBER | |
| International Standard Book Number | 9780749477424 |
| 100 ## - MAIN ENTRY--PERSONAL NAME | |
| Personal name | Loon, Mark.-- |
| 245 ## - TITLE STATEMENT | |
| Statement of responsibility, etc | Mark Loon.-- |
| Title | Professional practicein learning and development : |
| Remainder of title | how to design and deliver plans for the workplace / |
| 260 ## - PUBLICATION, DISTRIBUTION, ETC. (IMPRINT) | |
| Place of publication, distribution, etc | USA : |
| Name of publisher, distributor, etc | Kogan Page |
| Date of publication, distribution, etc | 2016 |
| 300 ## - PHYSICAL DESCRIPTION | |
| Extent | xiv, 406 pages. |
| 650 ## - SUBJECT ADDED ENTRY--TOPICAL TERM | |
| Topical term or geographic name as entry element | Executive ability |
| 650 ## - SUBJECT ADDED ENTRY--TOPICAL TERM | |
| Topical term or geographic name as entry element | Executive coaching |
| Withdrawn status | Lost status | Damaged status | Home library | Current library | Shelving location | Date acquired | Source of acquisition | Total Checkouts | Full call number | Barcode | Date last seen | Price effective from | Koha item type |
|---|---|---|---|---|---|---|---|---|---|---|---|---|---|
| College Library | College Library | Reserve Section | 11/11/2019 | Library Fund | HD 57.7 . L863 2016 | C21991 | 11/11/2019 | 11/11/2019 | Books |